000 00790nam a22002777a 4500
001 BR8103050
003 BR-BrBNA
005 20230928090951.0
007 ta
008 230509b bl.||||| |||| 00| 0 por d
040 _aBR-BrBNA
_bpor
_cBiblioteca Nacional de Agricultura
041 _a(Por)
072 _aF00
_b2270
090 _ 2270 BR8103050
100 1 _aBlaskiviski, S.G.
100 1 _aBernhardt, L.M.G. de B.
110 1 _aEmpresa Catarinense de Pesquisa Agropecuaria S.A., Florianopolis, SC (Brasil)
245 1 _aLupulo (Humulus lupulus L.)Bibliografia curta
260 3 _aFlorianopolis, SC (Brasil):
_c1981.
300 _a13 p.
650 _aProducao vegetal
650 _aLupulo
650 _aBibliografia
909 _a202309
_bLucia
_c55
_dLucia Elande
942 _cBK
999 _c31505
_d31505